Statistics for Mike Oldfield Discography

Click here to take the quiz!

General Stats

  • This quiz has been taken 6 times
  • The average score is 20 of 52

Answer Stats

Type Year Name % Correct
Album1973Tubular Bells
100%
Album1992Tubular Bells II
100%
Album1998Tubular Bells III
100%
Album1974Hergest Ridge
80%
Album1984The Killing Fields
80%
Album1983Crises
80%
Album1982Five Miles Out
80%
Album1980QE2
80%
Live Album1979Exposed
80%
Album1978Incantations
80%
Album1999Guitars
80%
Album1975Ommadawn
80%
Album1990Amarok
80%
Album1989Earth Moving
60%
Album1996Voyager
60%
Compilation1993Elements - The Best of Mike Oldfield
60%
Album1991Heaven's Open
60%
Album1994The Songs of Distant Earth
60%
Album1979Platinum
60%
Album1987Islands
60%
Album1984Discovery
60%
Compilation1997XXV: The Essential
40%
Album2003Tubular Bells 2003
40%
Album1999The Millennium Bell
40%
Compilation2012Two Sides: The Very Best of Mike Oldfield
40%
Album2017Return to Ommadawn
40%
Album2014Man on the Rocks
40%
Album2008Music of the Spheres
40%
Compilation2013Moonlight Shadow: The Collection
20%
Box Set1976Boxed
20%
Compilation2001The Best of Tubular Bells
20%
Remix Album2013Tubular Beats
20%
Album2002Tr3s Lunas
20%
Reissued Collaborative Album2016Collaborations
20%
Compilation1985The Complete Mike Oldfield
20%
Album2005Light + Shade
20%
Box Set2014The Studio Albums 1992-2003
0%
Compilation2015The Best of 1992-2003
0%
Compilation2016The 1984 Suite
0%
Box Set2012Mike Oldfield Classic Album Selection 1973-1980
0%
Compilation1987A Virgin Compilation
0%
Compilation2012Icon
0%
Compilation2009The Mike Oldfield Collection 1974-1983
0%
Box Set2006The Platinum Collection
0%
Compilation2002Collection
0%
Compilation1980Mike Oldfield's Wonderland
0%
Compilation1980Impressions
0%
Box Set1993Elements Box
0%
Compilation1981Music Wonderland
0%
Compilation1981Episodes
0%
Box Set1990Mike Oldfield's Collector's Edition Box
0%
Box Set2003The Complete Tubular Bells
0%

Score Distribution

Percentile by Number Answered

Percent of People with Each Score

Your Score History

You have not taken this quiz